Eurovision : Seconde Place - Statistiques

Statistiques générales
  • Ce quiz a été pris 211 fois
  • Le résultat moyen est 9 sur 13
Statistiques - réponses
Nombre de seconde place Dernière en date Pays % Correct
5 2021 France
99%
16 2022 Royaume-Uni
95%
3 2019 Italie
87%
4 2015 Russie
85%
4 1995 Espagne
77%
4 1987 Allemagne
71%
2 2008 Ukraine
70%
2 2003 Belgique
66%
4 1997 Irlande
66%
3 1986 Suisse
64%
2 2009 Islande
61%
3 2025 Israël
51%
2 2005 Malte
43%
Aucun quiz correspondant
Distribution des résultats
% des personnes avec chaque résultat
Percentile par nombre de réponses
Votre historique - résultats
Vous n’avez pas pris ce quiz